000
00305nam a22001337a 4500
020
_a
9789004168619
082
_a
791.43612 BAK
100
_a
Bakker, Freel L.
245
_a
TheChallenge of the Silver Screen
260
_a
Bosten
_b
Brill
_c
2009
300
_a
282
650
_a
Films-Religious
942
_c
BK
999
_c
19686
_d
19686